• 首页
  • 本馆介绍
  • 公告通知
  • 最新文献
  • 馆藏检索
  • 电子资源
  • 读者导购
  • 参考咨询
  • 我的图书馆
  • 登录
  • 详细信息显示
  • 放入我的书架
  • 预约/预借图书
  • 作者相关作品
  • 分类相关作品
  • 丛书相关作品
  • 出版社相关作品

书目信息

  • 表格格式
  • 工作单格式
  • 卡片格式
题名:
花样游泳竞赛规则
    
 
作者: ;中华人民共和国体育运动委员会 编
分册:  
出版信息: 北京   人民体育出版社  1985
页数: 62页
开本: 19cm
丛书名:
单 册:
中图分类: G861.18
科图分类:
主题词: 花样游泳-竞赛规则--中国--1985 , 竞赛规则-花样游泳--中国--1985
电子资源:
ISBN:
000 00838nam0 2200241 45
001 0185012343
005 20060810110207.62
010    @dCNY0.43
091    @a7015.2293
100    @a19951029d1985 em y0chiy0121 ea
101 0  @achi
102    @aCN@b110000
105    @af z 000yy
200 10 @a花样游泳竞赛规则@Ahua yang you yong jing sai gui ze@e1985@f中华人民共和国体育运动委员会编@Fzhong hua ren min gong he guo ti yu yun dong wei yuan hui bian
210    @a北京@c人民体育出版社@d1985
215    @a62页@c图@d19cm
606    @a花样游泳-竞赛规则@y中国@z1985
606    @a竞赛规则-花样游泳@y中国@z1985
690    @aG861.18@v3
711 02 @a中华人民共和国体育运动委员会@4编@Azhong hua ren min gong he guo ti yu yun dong wei yuan hui
801  0 @aCN@b深圳图书馆@c20060810
801  2 @aCN@bNLC@c20060810
905    @dG861.18@e8(1985)
    
    花样游泳竞赛规则:1985/中华人民共和国体育运动委员会编.-北京:人民体育出版社,1985
    62页:图;19cm
    
    
    ISBN :CNY0.43
    
●
相关链接 在E读中查询图书 在五车中查询图书 在当当中查询图书 在豆瓣中查询图书


正题名:花样游泳竞赛规则     索取号:G861.18/8(1985)         预约/预借

序号 登录号 条形码 馆藏地/架位号 状态 备注
1 0155982   000307019   密集书库/ [索取号:G861.18/8(1985)] 在馆    
2 0155983   000991136   第一样本阅览室/ [索取号:G861.18/8(1985)] 在馆    
3 0155984   202246863   密集书库/ [索取号:G861.18/8(1985)] 在馆    
4 0453907   204539071   密集书库/ [索取号:G861.18/8(1985)] 在馆    
唐山师范学院图书馆 欢迎您!
大连网信软件有限公司© 版权所有